Introduccin̤ a la Ciencia Jurd̕ica II

Detalles Bibliográficos
Autor principal: Baez Corona, Jose Francisco
Otros Autores: Vz̀quez Azuara, Carlos Antonio, Garca̕ Mňdez, Carlos
Formato: eBook
Lenguaje:español
Publicado: Veracruz: Universidad de Xalapa, 2014
Materias:
Acceso en línea:Acceso restringido

MARC

LEADER 00000nam a22000007a 4500
005 20180330213519.0
007 cr|||| ||||
008 180330s2014 mx |||||s|||| 00||0 spa d
020 |a 978-607-8156-19-1 
035 |a 21205 
040 |a vLex 
090 |c 7589  |d 7589 
100 1 |a Baez Corona, Jose Francisco 
245 1 0 |a Introduccin̤ a la Ciencia Jurd̕ica II  |h [Recurso electrn̤ico] /  |c Jose Francisco Baez Corona, Carlos Antonio Vz̀quez Azuara, Carlos Garca̕ Mňdez 
256 |a Servicio en ln̕ea 
260 |a Veracruz:  |b Universidad de Xalapa,  |c 2014 
300 |a 1 recurso electrn̤ico 
506 1 |a Disponible solo en los productos indicados  |d vLex Global  |d vLex Global (Academic Edition, excluding Law Schools)  |d vLex Global (U.S. Academic Edition, Law Schools)  |d vLex Global (U.S. Academic Edition, excluding Law Schools)  |d vLex Global (Academic Edition, Law Schools) 
650 0 4 |a Ciencias sociales  |z Mx̌ico 
700 1 |a Vz̀quez Azuara, Carlos Antonio 
700 1 |a Garca̕ Mňdez, Carlos 
740 0 |a vLex Libros (Servicio en ln̕ea) 
856 4 0 |u http://vlex.com/source/introduccion-ciencia-juridica-ii-21205  |z Acceso restringido 
942 |c BOOK 
999 0 |a Social Sciences